Fakty o Biedronce - Statystyki

Ogólne statystyki
  • Ten quiz został rozwiązany 19 razy
  • Średni wynik to 4 z 10
Statystyki odpowiedzi
Podpowiedź Odpowiedź % Poprawnych
Karta ....... Biedronka Moja
88%
można spotkać w tym sklepie maskotki zwane np. ........ Świeżaków Gang
82%
alejki są pozastawiane paletami
76%
czyli firmy z kraju o nazwie Portugalia
76%
Należy do : Jeronimo Martins
59%
Prawnicy wysłali pismo do Jakuba Biela za zrobienie mema
18%
i w którym powstała druga Poznań
18%
imię założyciela Mariusz
6%
nazwisko założyciela Świtalski
6%
miasto w którym powstała pierwsza Biedronka Śrem
0%
Nie znaleziono quizów pasujących do podanych kryteriów
Rozkład punktacji
Procent ludzi z każdym wynikiem
Percentyl według liczby udzielonych odpowiedzi
Twoja historia wyników
Nie rozwiązałeś tego quizu